00723nam a2200253 a 4500001001300000003000900013005001700022008004100039020001000080082001500090100001600105245002300121260005300144300000800197500003500205505003700240650002700277650002300304700001600327902000800343942000700351952009600358999001500454nice12345678IN_TiNIC20260116012411.0050524s1964 tria grp 000 0 eng  ac10000a261.1bTHO aThomas, M M aChurch and Society aTrivandrumbEast Asia Christian Conferencec1964 a89p aincludes index and biblioraphy2 aIndex Subject and Index of Names aChurch-Social Services aChristianity-India1 aThomas, M M bSRS cBK 00104070aHMIbHMId2007-07-10g100.00l0o261.1 THOp012324r2007-07-10w2026-01-16yEB c6874d6874